01493nam a2200349 a 4500001001200000003000800012006001900020007001500039008004100054010001700095020002500112020002700137040002100164035002100185050002200206082001500228100002600243245010500269260008800374300002500462504006400487505016100551533015200712650002400864650002300888655002900911700001800940700002300958710001700981856012600998999001901124ebr10518682CaPaEBRm u cr cn|||||||||110118s2011 njua sb 001 0 eng d z 2011002193 z9781405191487 (pbk.) z9781118292983 (e-book) aCaPaEBRcCaPaEBR a(OCoLC)77347534814aR852b.B69 2011eb04a610.722221 aBowers, David,d1938-10aGetting started in health researchh[electronic resource] /cDavid Bowers, Allan House, David Owens. aChichester, West Sussex, U.K. ;aHoboken, N.J. :bWiley-Blackwell/BMJ Books,c2011. aviii, 180 p. :bill. aIncludes bibliographical references (p. 174-176) and index.0 apt. 1. Limbering up -- pt. 2. On your marks -- pt. 3. Get set -- pt. 4. Wait for it -- pt. 5. Go! -- pt. 6. Staying the course -- pt. 7. The finishing line. aElectronic reproduction.bPalo Alto, Calif. :cebrary,d2012.nAvailable via World Wide Web.nAccess may be limited to ebrary affiliated libraries. 0aMedicinexResearch. 0aBiologyxResearch. 7aElectronic books.2local1 aHouse, Allan.1 aOwens, David,cDr.2 aebrary, Inc.40uhttp://site.ebrary.com/lib/rucke/Doc?id=10518682zAn electronic book accessible through the World Wide Web; click to view c140298d140298